Improving Your Serve & Strengthening Your Grip Dropping Your Guard/ (Record no. 9717)
[ view plain ]
| 000 -LEADER | |
|---|---|
| fixed length control field | 00741nam a22002057a 4500 |
| 003 - CONTROL NUMBER IDENTIFIER | |
| control field | OSt |
| 005 - DATE AND TIME OF LATEST TRANSACTION | |
| control field | 20251029071300.0 |
| 008 - FIXED-LENGTH DATA ELEMENTS--GENERAL INFORMATION | |
| fixed length control field | 251029b |||||||| |||| 00| 0 eng d |
| 010 ## - LIBRARY OF CONGRESS CONTROL NUMBER | |
| LC control number | 8881310 |
| 020 ## - INTERNATIONAL STANDARD BOOK NUMBER | |
| International Standard Book Number | 0-88486-049-3 |
| 040 ## - CATALOGING SOURCE | |
| Transcribing agency | Inspirational Press |
| 050 ## - LIBRARY OF CONGRESS CALL NUMBER | |
| Classification number | BV 4529.2 .S95 1983 |
| Item number | S95 1983 |
| 100 ## - MAIN ENTRY--PERSONAL NAME | |
| Personal name | Charles R. Swindoll |
| 245 ## - TITLE STATEMENT | |
| Title | Improving Your Serve & Strengthening Your Grip Dropping Your Guard/ |
| Statement of responsibility, etc. | Swindoll, R. Charles |
| 260 ## - PUBLICATION, DISTRIBUTION, ETC. | |
| Place of publication, distribution, etc. | 386 Park Avenue South New York |
| Name of publisher, distributor, etc. | Inspirational Press |
| Date of publication, distribution, etc. | 1983 |
| 300 ## - PHYSICAL DESCRIPTION | |
| Extent | 499 p.: |
| Other physical details | Hardcover, Col. |
| Dimensions | 24.1cm |
| Accompanying material | Null |
| 490 ## - SERIES STATEMENT | |
| Materials specified | |
| Series statement | The Art of Unselfish Living: Essential in an Aimless world: The value of open relationships |
| 760 ## - MAIN SERIES ENTRY | |
| Edition | 3rd Edition |
| 942 ## - ADDED ENTRY ELEMENTS (KOHA) | |
| Source of classification or shelving scheme | Dewey Decimal Classification |
| Koha item type | Books |
| Edition | 3rd Edition |
| Suppress in OPAC | No |
No items available.